000 00774nas a2200241 4500
001 BR2013006813
003 BR-BrBNA
005 20231205122835.0
007 ta
008 230509b bl.|||p| |||| 00| 00por d
040 _aBR-BrBNA
_bpor
_cBiblioteca Nacional de Agricultura
041 _a(Pt)
072 _aH50
100 1 _aTorres, F.Z.V.
100 1 _aRigitano, R.L. de O.
245 1 _aTranslocação do inseticida tiametoxam no floema de mamoneiras, utilizadas como plantas-modelo
650 _aMAMONA
650 _aINSETICIDA
650 _aFLOEMA
773 0 _tPesticidas. Revista de Ecotoxicologia e Meio Ambiente (Brazil)
_xISSN 0103-7277
_g(Jan-Dec 2012), v. 22 p. 51-64
_wBR2013006813
909 _a202311
_bLúcia
_c55
_dLúcia Elande
942 _2AGRIS
_n0
_cANA
999 _c230857
_d230857